Poradenské služby - aktivita personálnych útvarov pri zabezpečovaní požadovanej kvalifikačnej štruktúry ľudských zdrojov pre výkon práce

Poradenstvo slúžiace na rozvoj ľudských zdrojov. Úlohy rozvoja poradenstva pre priebežné prispôsobovanie kvalifikačnej štruktúry ľudských zdrojov požiadavkám výkonu práce. Potreby rozvoja kariérnej prípravy, kariérneho poradenstva a pracovnej adaptácie pre zabezpečenie celoživotnej zamestnanosti.

Salvato in:
Dettagli Bibliografici
Autore principale: Matulčíková, Marta, 1964-
Natura: Capitolo di libro
Lingua:slovacco
Soggetti:
Tags: Aggiungi Tag
Nessun Tag, puoi essere il primo ad aggiungerne!!

MARC

LEADER 00000naa$a2200000$$$4500
001 0180903
005 20240502073108.4
041 0 |a slo 
044 |a SK 
245 1 0 |a Poradenské služby - aktivita personálnych útvarov pri zabezpečovaní požadovanej kvalifikačnej štruktúry ľudských zdrojov pre výkon práce  |c Marta Matulčíková 
520 |a Poradenstvo slúžiace na rozvoj ľudských zdrojov. Úlohy rozvoja poradenstva pre priebežné prispôsobovanie kvalifikačnej štruktúry ľudských zdrojov požiadavkám výkonu práce. Potreby rozvoja kariérnej prípravy, kariérneho poradenstva a pracovnej adaptácie pre zabezpečenie celoživotnej zamestnanosti. 
610 2 0 |a služby poradenské 
610 2 0 |a útvary personálne 
610 2 0 |a poradenstvo kariérové 
610 2 0 |a zdroje ľudské 
610 2 0 |a kvalifikácia 
610 2 0 |a vzdelávanie celoživotné 
610 2 0 |a zamestnanosť 
100 1 |a Matulčíková, Marta, 1964-